Spotify Most Streamed Artists of All Time - Statistics

General Stats
  • This quiz has been taken 150 times
  • The average score is 34 of 100
Answer Stats
Hint Answer % Correct
#2 Taylor Swift
92%
#1 Drake
83%
#4 The Weeknd
78%
#15 Kendrick Lamar
77%
#12 Rihanna
70%
#39 Beyoncé
69%
#10 Kanye West
69%
#7 Eminem
68%
#17 Bruno Mars
67%
#98 Michael Jackson
66%
#8 Ariana Grande
65%
#41 Lady Gaga
64%
#6 Ed Sheeran
63%
#3 Bad Bunny
62%
#5 Justin Bieber
62%
#69 The Beatles
60%
#21 Coldplay
58%
#78 JAY-Z
56%
#13 Billie Eilish
55%
#65 Katy Perry
55%
#11 Post Malone
53%
#54 Queen
53%
#9 Travis Scott
53%
#24 Dua Lipa
50%
#22 Nicki MInaj
49%
#83 Cardi B
47%
#59 Harry Styles
47%
#62 Selena Gomez
46%
#57 Shakira
45%
#58 Adele
44%
#56 One Direction
44%
#35 SZA
44%
#25 XXXTENTACION
43%
#27 Imagine Dragons
42%
#72 Olivia Rodrigo
42%
#30 Lil Wayne
41%
#92 Snoop Dogg
40%
#37 Maroon 5
39%
#77 Miley Cyrus
39%
#19 Juice WRLD
37%
#49 Shawn Mendes
36%
#18 BTS
35%
#26 David Guetta
35%
#14 J Balvin
35%
#42 Calvin Harris
34%
#51 Doja Cat
34%
#16 Future
33%
#79 Pitbull
33%
#85 Camila Cabello
32%
#47 Sia
31%
#89 Avicii
30%
#45 J. Cole
29%
#90 OneRepublic
29%
#73 Tyler, The Creator
29%
#64 Arctic Monkeys
28%
#23 Chris Brown
28%
#43 Lil Uzi Vert
28%
#29 21 Savage
27%
#36 Lil Baby
27%
#28 Daddy Yankee
26%
#50 Sam Smith
26%
#31 Lana Del Rey
25%
#74 Marshmello
25%
#71 Morgan Wallen
25%
#70 Wiz Khalifa
25%
#38 KAROL G
24%
#33 Khalid
24%
#55 Linkin Park
24%
#75 The Chainsmokers
24%
#82 Playboi Carti
23%
#94 Red Hot Chili Peppers
22%
#80 Frank Ocean
21%
#81 A$AP Rocky
20%
#67 Halsey
20%
#60 Metro Boomin
20%
#88 DaBaby
18%
#20 Ozuna
16%
#99 Quavo
15%
#48 Young Thug
15%
#40 Maluma
14%
#66 Gunna
13%
#91 Kygo
13%
#87 Twenty One Pilots
13%
#32 Anuel AA
11%
#61 Peso Pluma
8%
#63 Ty Dolla $ign
8%
#34 Rauw Alejandro
7%
#53 Arijit Singh
6%
#46 Myke Towers
6%
#100 Trippie Redd
6%
#44 Feid
5%
#68 Nicky Jam
5%
#93 Disney
3%
#52 Farruko
3%
#86 Junior H
3%
#84 Pritam
3%
#96 Sech
3%
#95 $uicideboy$
3%
#97 Arcángel
1%
#76 Die drei ???
1%
No matching quizzes found
Score Distribution
Percent of People with Each Score
Percentile by Number Answered
Your Score History
You have not taken this quiz